College Football Matchups: Arizona - Statistics

General Stats
  • This quiz has been taken 91 times
    20 since last reset
  • The average score is 15 of 16
Answer Stats
Games Opponent Subdivision % Correct
99 Arizona State Power 4
100%
36 California Power 4
100%
46 Oregon Power 4
100%
42 Oregon State Group of 5
100%
48 UCLA Power 4
100%
47 USC Power 4
100%
49 Utah Power 4
100%
28 Colorado Power 4
94%
32 Stanford Power 4
94%
38 Washington Power 4
94%
47 Washington State Group of 5
94%
27 BYU Power 4
83%
68 New Mexico Group of 5
83%
37 New Mexico State Group of 5
83%
34 Texas Tech Power 4
67%
53 UTEP Group of 5
67%
No matching quizzes found
Score Distribution
Percent of People with Each Score
Percentile by Number Answered
Your Score History
You have not taken this quiz since the last reset